El chancho limpio /

Guardado en:
Autor Principal: Clemente, Horacio.
Otros Autores: Verona, Chachi; il.
Formato: Libro
Publicado: Buenos Aires : Sudamericana, 2001.
Edición:1a ed.
Series:Pan Flauta. Magenta. Humor / Gigliola Zecchin de Duhalde ; 63
Materias:
Etiquetas: Agregar Etiqueta
Sin Etiquetas, Sea el primero en etiquetar este registro!
LEADER 01154nam a22002895a 4500
001 CEM.cems019847
008 221110s2001##################000#0#####d
005 20221110094602.0
245 1 0 |a El chancho limpio /  |c Horacio Clemente; ilustrado por Chachi Verona. 
250 |a 1a ed. 
260 |a Buenos Aires :  |b Sudamericana,  |c 2001. 
300 |a 64 p. 
490 0 |a Pan Flauta. Magenta. Humor / Gigliola Zecchin de Duhalde ;  |v 63 
500 |a Canela seudónimo de Gigliola Zecchin de Duhalde. 
505 0 |a El chancho limpio -- El perro que prefería ser gato -- La nena que quería ser perro -- El loro que no hablaba -- A vuelo de pájaro -- El gato con medias -- De cómo las cucarachas se volvieron moscas 
020 |a 950072023X 
100 1 |a Clemente, Horacio. 
700 1 |a Verona, Chachi; il. 
082 0 4 |a A868.4 
653 |a Literatura 
653 |a Literatura Argentina 
653 |a Literatura infantil 
653 |a Cuentos 
653 |a Cuento infantil 
653 |a Cuentos Humor 
859 |a CEMS  |b BIB. CEMS - Inicial y Primaria  |h A868.4  |i C591  |k IP  |p 2006  |t Ej.1 
859 |a CEMS  |b BIB. CEMS - Inicial y Primaria  |h A868.4  |i C591  |k IP  |p 2007  |t Ej.2